000 00442nam a2200169Ia 4500
008 090711s9999 xx 000 0 und d
082 _b62548
100 _aपरदेशी दिलीप
245 _aकहाणी
260 _c1989
300 _a68
600 _aपरदेशी दिलीप
630 _aकहाणी
700 _aपरदेशी दिलीप
730 _aकहाणी
942 _cBOOK
999 _c307901
_d307901